000
00223nam a2200097Ia 4500
005
20251222114357.0
008
251222s1900||||xx |||||||||||||| ||spa||
082
_a
DVD0070/B44K/1979
245
0
_a
Kramer vs. Kramer
942
_c
DVD
999
_c
1489
_d
1489